| 000 | 00730nam a22001337a 4500 | ||
|---|---|---|---|
| 040 | _cRUA | ||
| 082 | _aAVM SEM 2011 B099 Or.1 | ||
| 100 | _aSEM, CHANLA. | ||
| 245 | _aEffect of ivermectin on gastro in testinal parasite in local yellow cattle at royal university of agriculture, ប្រសិទ្ធភាពIVERMECTIN លើចំនួនព្រូនក្នុងក្រពះពោះវៀនរបស់គោក្នុងស្រុក នៅសាកលវិទ្យាល័យភូមិន្ទកសិកម្ម | ||
| 260 |
_aPhnom Penh _bRUA _c2011 |
||
| 300 |
_aviii; 36p. _bill. _c29cm. |
||
| 856 | _uhttps://drive.google.com/file/d/1DUy1F7gbVswHBRBib7RvcmlQUEuV-B6l/view?usp=sharing | ||
| 942 | _cAVM | ||
| 999 |
_c2558 _d2558 |
||